[Event "Fagernes GM Open 2014"]
[Site "Fagernes NOR"]
[Date "2014.04.19"]
[Round "8.11"]
[White "Christiansen, Johan-Sebastian"]
[Black "Galinsky, Timofey"]
[Result "0-1"]
[BlackTitle "IM"]
[WhiteElo "2207"]
[BlackElo "2427"]
[WhiteFideId "1512668"]
[BlackFideId "14104164"]
[EventDate "2014.04.13"]

1. c4 e6 2. g3 d5 3. Bg2 Nf6 4. Nf3 dxc4 5. Qa4+ Bd7 6. Qxc4 Bc6 7. Nc3 Be7 8.
e4 O-O 9. O-O Nbd7 10. Qe2 b6 11. d3 Bb7 12. Bf4 Rc8 13. Rad1 Nc5 14. Rfe1 Qd7
15. Qc2 Rfd8 16. d4 Na6 17. Bh3 c6 18. Qb1 h6 19. Bg2 Nc7 20. a3 Qe8 21. h4 c5
22. dxc5 Rxd1 23. Rxd1 Bxc5 24. b4 Bf8 25. Qd3 a5 26. Qd4 axb4 27. axb4 Nb5 28.
Nxb5 Qxb5 29. Bxh6 e5 30. Nxe5 gxh6 31. Bh3 Re8 32. Nd7 Nxe4 33. Qxb6 Qxb6 34.
Nxb6 Bxb4 35. Nd7 Bc6 36. Bg2 Bxd7 37. Rxd7 Bc5 38. Bxe4 Rxe4 39. Kf1 Rd4 40.
Rc7 Bb4 41. Rb7 Kg7 42. Rb5 Be7 43. Kg2 Rd2 44. Rf5 Rc2 45. Kh3 Bc5 46. Kg2 Bd4
47. Rf4 Rd2 48. Kf1 Be5 49. Rf5 f6 50. Rf3 Kf7 51. Kg2 h5 52. Rf5 Kg6 53. Rf3
Bd4 54. Rf4 f5 55. Rf3 Kf6 56. Rf4 Ke5 57. Kf1 Bc5 58. Rf3 Rc2 59. Rf4 Rb2 60.
Rf3 Bf8 61. Re3+ Kf6 62. Rf3 Bd6 63. Rd3 Be5 64. Rd5 Rb4 65. Rd8 Bd4 66. Kg2 Ke7
67. Rd5 Ke6 68. Rd8 Ra4 69. Re8+ Kf7 70. Rd8 Bf6 71. Rd7+ Ke6 72. Rh7 Ra2 73.
Rh6 Kf7 74. Rh7+ Kg6 75. Rd7 Be5 76. Rd5 Kf6 77. Kf3 Ra3+ 78. Kg2 Ra4 79. Rd3 f4
80. Rb3 Kf5 81. Kh3 Ra2 82. gxf4 Kxf4 83. Kg2 Bd4 84. Rf3+ Kg4 85. Rf8 Bc5 86.
Rf3 Kxh4 87. Rh3+ Kg5 88. Rg3+ Kh6 89. Rf3 Rd2 90. Rf5 Bd4 91. Rf8 Kg5 92. Rf3
Be5 93. Rf8 Ra2 94. Kh3 Ra3+ 95. Kg2 h4 96. Rg8+ Kh5 97. f3 Ra2+ 98. Kg1 h3 99.
f4 Bxf4 100. Rh8+ Kg4 101. Rg8+ Kf3 102. Kh1 Rh2+ 103. Kg1 Rb2 104. Kh1 Rb6 105.
Rg1 Bg3 106. Rf1+ Bf2 107. Kh2 Rg6 108. Ra1 Bg3+ 109. Kh1 Re6 110. Ra3+ Kg4 111.
Ra4+ Bf4 112. Ra1 h2 113. Rb1 Re3 114. Ra1 0-1

[Event "Fagernes GM Open 2014"]
[Site "Fagernes NOR"]
[Date "2014.04.19"]
[Round "8.12"]
[White "Guttulsrud, Odd Martin"]
[Black "Getz, Nicolai"]
[Result "0-1"]
[WhiteTitle "CM"]
[BlackTitle "IM"]
[WhiteElo "2206"]
[BlackElo "2388"]
[WhiteFideId "1507249"]
[BlackFideId "1505572"]
[EventDate "2014.04.13"]

1. e4 e5 2. Nf3 Nc6 3. Bb5 a6 4. Ba4 Nf6 5. O-O b5 6. Bb3 Be7 7. a4 Bb7 8. axb5
axb5 9. Rxa8 Bxa8 10. Re1 O-O 11. Nc3 Na5 12. Ba2 b4 13. Nd5 b3 14. Nxe7+ Qxe7
15. cxb3 Bxe4 16. Nxe5 Qxe5 17. d3 d5 18. dxe4 dxe4 19. Bb1 Nc6 20. Qd2 Rd8 21.
Qg5 Qe6 22. Qc5 Rd5 23. Qc4 Qd6 24. h3 h6 25. Be3 Ne5 26. Qc3 Nd3 27. Bxd3 exd3
28. Rd1 c5 29. Qc4 g5 30. Bd2 Rd4 31. Qb5 Ne4 32. Bc3 Nxc3 33. Qe8+ Kg7 34. bxc3
Rd5 35. Qe3 d2 36. g3 Rd3 37. Qe2 Qd5 38. c4 Qd4 39. Kg2 Qc3 40. Kh2 Kf8 41. Qh5
Rd6 42. Qe2 Rd8 43. Qh5 Kg7 44. h4 Qd4 45. Kg1 gxh4 46. Qxh4 Qxh4 47. gxh4 Kg6
48. Kg2 Kh5 49. Kg3 Rd4 50. f3 f6 51. Kf2 Kxh4 52. Rh1+ Kg5 53. Ke2 d1=Q+ 54.
Rxd1 Rxd1 55. Kxd1 Kf4 56. Ke2 h5 57. Kf2 h4 58. Kg2 h3+ 59. Kxh3 Kxf3 60. Kh4
Ke4 61. Kg3 Kd4 62. Kf4 Kc3 0-1

[Event "Fagernes GM Open 2014"]
[Site "Fagernes NOR"]
[Date "2014.04.19"]
[Round "8.13"]
[White "Mihajlov, Sebastian"]
[Black "Hansen, Torbjorn Ringdal"]
[Result "1/2-1/2"]
[WhiteTitle "CM"]
[BlackTitle "IM"]
[WhiteElo "2197"]
[BlackElo "2469"]
[WhiteFideId "1512110"]
[BlackFideId "1501720"]
[EventDate "2014.04.13"]

1. d4 Nf6 2. Nf3 e6 3. c4 Bb4+ 4. Bd2 Qe7 5. g3 Nc6 6. Bg2 Bxd2+ 7. Nbxd2 d6 8.
O-O a5 9. e4 e5 10. d5 Nb8 11. c5 O-O 12. cxd6 cxd6 13. Ne1 Na6 14. Nd3 Bg4 15.
Bf3 Bd7 16. Nc4 Bb5 17. Rc1 Nd7 18. a4 Bxc4 19. Rxc4 Ndc5 20. Nxc5 Nxc5 21. Qc2
g6 22. Bg2 f5 23. f4 fxe4 24. fxe5 Rxf1+ 25. Kxf1 Qxe5 26. Bxe4 Kg7 27. Bf3 Ra6
28. b3 Rb6 29. Rc3 Rb4 30. Kg2 h5 31. h4 b5 32. axb5 Rxb5 33. Kf2 Qd4+ 34. Kg2
Rb4 35. Kh2 Qe5 36. Kg2 Rb7 37. Kf2 Qd4+ 38. Kg2 Re7 39. Rc4 Qe3 40. Rc3 Qd4 41.
Rc4 Qe5 42. b4 axb4 43. Rxb4 Kh7 44. Rb1 Nd7 45. Rb7 Nf6 46. Qb2 Rxb7 47. Qxb7+
Kg8 48. Qb8+ Kf7 49. Qc7+ Ke8 50. Qg7 Qf5 51. Qc7 Qd7 52. Qc2 Kf7 53. Be4 Qg4
54. Qc7+ Nd7 55. Bf3 Qa4 56. Qxd6 Qc2+ 57. Kg1 Qc1+ 58. Kg2 Qc2+ 1/2-1/2

[Event "Fagernes GM Open 2014"]
[Site "Fagernes NOR"]
[Date "2014.04.19"]
[Round "8.14"]
[White "Tari, Aryan"]
[Black "Andersen, Alf R."]
[Result "1-0"]
[WhiteTitle "IM"]
[WhiteElo "2387"]
[BlackElo "2230"]
[WhiteFideId "1510045"]
[BlackFideId "1503120"]
[EventDate "2014.04.13"]

1. e4 c5 2. Nf3 d6 3. d4 cxd4 4. Qxd4 Nc6 5. Bb5 Bd7 6. Qd3 g6 7. c4 Bg7 8. O-O
Nf6 9. h3 a6 10. Bxc6 Bxc6 11. Nc3 O-O 12. Nd4 Nd7 13. Be3 Nc5 14. Qc2 Ne6 15.
Qd2 Rc8 16. Rac1 Nxd4 17. Bxd4 Bxd4 18. Qxd4 Qa5 19. Rfe1 Qg5 20. Nd5 Rfe8 21.
Rc3 Qh4 22. Nb6 Rcd8 23. Qd2 Qf6 24. b4 e6 25. a4 Qe7 26. Rd3 a5 27. bxa5 Qf6
28. f3 Qe5 29. Qb4 h5 30. Red1 Rf8 31. a6 bxa6 32. Rxd6 a5 33. Qa3 Qg5 34. Kh1
f5 35. Qc5 Rxd6 36. Qxd6 Be8 37. e5 Bf7 38. c5 Re8 39. c6 Qe3 40. c7 g5 41. c8=Q
Rxc8 42. Nxc8 g4 43. Qd8+ 1-0

[Event "Fagernes GM Open 2014"]
[Site "Fagernes NOR"]
[Date "2014.04.19"]
[Round "8.15"]
[White "Haug, Johannes"]
[Black "Salomon, Johan"]
[Result "1/2-1/2"]
[WhiteElo "2096"]
[BlackElo "2343"]
[WhiteFideId "1509268"]
[BlackFideId "1509500"]
[EventDate "2014.04.13"]

1. e4 c5 2. Nf3 d6 3. Bb5+ Nc6 4. O-O Bd7 5. Re1 a6 6. Bf1 g6 7. c3 Bg7 8. d4
cxd4 9. cxd4 Bg4 10. d5 Nd4 11. Be2 Nxe2+ 12. Qxe2 Rc8 13. Nc3 Nf6 14. h3 Bxf3
15. Qxf3 O-O 16. Bd2 Nd7 17. Rac1 Ne5 18. Qe2 Nc4 19. b3 Nxd2 20. Qxd2 Qa5 21.
Nb1 Qxd2 22. Nxd2 Bh6 23. Rxc8 Rxc8 24. Nc4 b5 25. Na5 Rc2 26. Nc6 Bd2 27. Re2
Kf8 28. a4 Rb2 29. g3 Rb1+ 30. Kg2 Bc3 31. axb5 axb5 32. Ra2 Rxb3 33. Ra8+ Kg7
34. Nxe7 b4 35. Nc6 Rb1 36. Rb8 Kf6 37. Na5 Bd4 38. Nc6 Bc5 39. Na5 Re1 40. Kf3
Rc1 41. Nc6 Rb1 42. Na5 Bd4 43. Nc6 Bc5 44. Rb5 Rb3+ 45. Kg2 Rb2 46. e5+ Kf5 47.
exd6 Bxd6 48. Na5 Re2 49. Nb7 Ke5 50. Nxd6 1/2-1/2

[Event "Fagernes GM Open 2014"]
[Site "Fagernes NOR"]
[Date "2014.04.19"]
[Round "8.16"]
[White "Lillevold, Frode"]
[Black "Flermoen, Peter"]
[Result "0-1"]
[BlackTitle "CM"]
[WhiteElo "2182"]
[BlackElo "2232"]
[WhiteFideId "1502913"]
[BlackFideId "1507303"]
[EventDate "2014.04.13"]

1. d4 Nf6 2. c4 g6 3. Nc3 d5 4. Nf3 Bg7 5. Bg5 Ne4 6. Bh4 Nxc3 7. bxc3 dxc4 8.
Qa4+ c6 9. Qxc4 Qa5 10. e3 Be6 11. Qb4 Qxb4 12. cxb4 Bd5 13. Be2 Nd7 14. O-O e5
15. Rfd1 O-O 16. Bg3 exd4 17. Nxd4 a5 18. a3 Rfe8 19. Rab1 axb4 20. axb4 Ra2 21.
Bf3 Nb6 22. b5 c5 23. Nf5 gxf5 24. Bxd5 Nxd5 25. Rxd5 c4 26. Rc5 c3 27. Kf1 b6
28. Rc6 Rb2 29. Rc1 Rxb5 30. Bc7 Re6 31. Rxe6 fxe6 32. f4 Rb3 33. Be5 Bxe5 34.
fxe5 b5 35. Ke2 b4 36. g4 fxg4 37. Rg1 h5 38. h3 c2 0-1

[Event "Fagernes GM Open 2014"]
[Site "Fagernes NOR"]
[Date "2014.04.19"]
[Round "8.17"]
[White "Djurhuus, Eivind X"]
[Black "Dolzhikova, Olga"]
[Result "0-1"]
[BlackTitle "WGM"]
[WhiteElo "1977"]
[BlackElo "2209"]
[WhiteFideId "1515721"]
[BlackFideId "14105870"]
[EventDate "2014.04.13"]

1. e4 g6 2. d4 Bg7 3. Nc3 a6 4. f4 d5 5. e5 Nh6 6. Be2 Be6 7. Nf3 b6 8. Ng5 O-O
9. Be3 Bc8 10. O-O f6 11. Nf3 Bb7 12. h3 Nd7 13. Nb1 Nf5 14. Bf2 fxe5 15. fxe5
Bh6 16. Qd3 c5 17. c4 cxd4 18. Bxd4 Nc5 19. Bxc5 bxc5 20. cxd5 c4 21. Qxc4 Bxd5
22. Qg4 Qb6+ 23. Kh1 Ne3 24. Qh4 Nxf1 25. Nc3 Bxf3 26. Bxf3 Rxf3 27. gxf3 Qxb2
28. Qc4+ Kh8 29. Rxf1 Rf8 30. e6 Bf4 31. Ne4 Qh2# 0-1

[Event "Fagernes GM Open 2014"]
[Site "Fagernes NOR"]
[Date "2014.04.19"]
[Round "8.18"]
[White "Kvisvik, Brede"]
[Black "Bjerke, Richard"]
[Result "1-0"]
[WhiteTitle "FM"]
[BlackTitle "FM"]
[WhiteElo "2300"]
[BlackElo "2194"]
[WhiteFideId "1502999"]
[BlackFideId "1500252"]
[EventDate "2014.04.13"]

1. d4 Nf6 2. c4 g6 3. Nc3 Bg7 4. Nf3 O-O 5. g3 d6 6. Bg2 Nbd7 7. O-O e5 8. e4 c6
9. h3 Qb6 10. Rb1 Qb4 11. dxe5 Nxe5 12. Nxe5 dxe5 13. Qd3 Be6 14. b3 Rfd8 15.
Qc2 Qe7 16. Bg5 h6 17. Be3 Nh5 18. Rbd1 b6 19. c5 b5 20. Nd5 cxd5 21. exd5 Bf5
22. Qc1 Rac8 23. g4 Nf4 24. Bxf4 exf4 25. gxf5 Qg5 26. fxg6 Rxc5 27. gxf7+ Kh8
28. h4 Qg4 29. f3 Qc8 30. Qxf4 Rcxd5 31. Rxd5 Rxd5 32. Rc1 Qd8 33. Rc6 Rh5 34.
Re6 Qd1+ 35. Kh2 1-0

[Event "Fagernes GM Open 2014"]
[Site "Fagernes NOR"]
[Date "2014.04.19"]
[Round "8.19"]
[White "Haria, Ravi"]
[Black "Hagesather, Ellen"]
[Result "1/2-1/2"]
[BlackTitle "WIM"]
[WhiteElo "2207"]
[BlackElo "2204"]
[WhiteFideId "415820"]
[BlackFideId "1501909"]
[EventDate "2014.04.13"]

1. e4 e5 2. Nf3 Nc6 3. Bb5 a6 4. Ba4 Nf6 5. O-O Be7 6. Re1 b5 7. Bb3 d6 8. c3
O-O 9. h3 Nb8 10. d4 Nbd7 11. Nbd2 Bb7 12. Bc2 Re8 13. Nf1 Bf8 14. Ng3 g6 15. a4
c5 16. d5 c4 17. Bg5 h6 18. Be3 Nc5 19. Qd2 h5 20. Ra3 Nfd7 21. Rea1 Be7 22. Qe2
Bf6 23. Nd2 Qc7 24. axb5 axb5 25. b4 cxb3 26. Nxb3 Nxb3 27. Bxb3 Rxa3 28. Rxa3
Qxc3 29. Qxb5 Bc8 30. Ra8 Rd8 31. Ba4 Nc5 32. Bxc5 Qxc5 33. Qxc5 dxc5 34. Ra7
Kf8 35. Ne2 Be7 36. Bb5 f5 37. f3 Kf7 38. Nc1 Kf6 39. Nd3 Rd6 40. f4 Rb6 41.
fxe5+ Kg5 42. Rxe7 fxe4 43. Nxc5 Rxb5 44. Rc7 Bf5 45. e6 e3 46. e7 Rb1+ 47. Kh2
e2 48. e8=Q e1=Q 49. Qxe1 Rxe1 50. d6 Rd1 51. d7 h4 52. Ra7 Kf6 53. Ra1 Rd5 54.
Ra4 Ke7 55. Ne4 Rxd7 56. Ng5 Kf6 57. Nf3 g5 58. Ra6+ Be6 59. Nxg5 Kxg5 60. Rxe6
Rd1 61. Re5+ Kg6 62. Re4 Kg5 63. Rg4+ Kh5 1/2-1/2

[Event "Fagernes GM Open 2014"]
[Site "Fagernes NOR"]
[Date "2014.04.19"]
[Round "8.20"]
[White "Loberg, Jo Kristian"]
[Black "Merkesvik, Sondre"]
[Result "0-1"]
[WhiteElo "2039"]
[BlackElo "2042"]
[WhiteFideId "1505599"]
[BlackFideId "1514350"]
[EventDate "2014.04.13"]

1. e4 c5 2. Nf3 d6 3. d4 cxd4 4. Nxd4 Nf6 5. f3 e5 6. Nb3 d5 7. Bg5 dxe4 8.
Qxd8+ Kxd8 9. fxe4 Bb4+ 10. N1d2 Be6 11. O-O-O Nd7 12. Nc4 Kc7 13. Bxf6 Nxf6 14.
c3 Be7 15. Nxe5 Nxe4 16. Re1 Bg5+ 17. Kc2 Nf2 18. Rg1 Bf5+ 19. Bd3 Nxd3 20. Nxd3
Rad8 21. Nd4 Bg6 22. Re5 Bf6 23. Rc5+ Kb8 24. Rc4 Rd6 25. Rf1 Rhd8 26. Rf4 Be5
27. Rh4 Bf6 28. Rf4 b6 29. h4 Kb7 30. Kd2 R8d7 31. Nf2 Be5 32. Rf3 Bxd4 33. cxd4
Rxd4+ 34. Kc3 Rd2 35. g3 Re2 36. Rb4 f6 37. Nd3 Rc7+ 38. Kb3 a5 39. Rd4 b5 40.
Nf4 Bc2+ 0-1

[Event "Fagernes GM Open 2014"]
[Site "Fagernes NOR"]
[Date "2014.04.19"]
[Round "8.21"]
[White "Hagesather, Arne"]
[Black "Jorgensen, Line Jin"]
[Result "1-0"]
[WhiteElo "2143"]
[BlackElo "1926"]
[WhiteFideId "1502476"]
[BlackFideId "1505467"]
[EventDate "2014.04.13"]

1. e4 e6 2. d4 d5 3. exd5 exd5 4. Nf3 Nf6 5. Bd3 Bd6 6. O-O O-O 7. h3 Re8 8. Bg5
Nbd7 9. Nbd2 Nf8 10. c4 Be7 11. Qb3 c6 12. Rfe1 Ne6 13. Bh4 Qb6 14. Qc2 Nxd4 15.
Nxd4 Qxd4 16. Nf3 Qf4 17. cxd5 Nxd5 18. Bxh7+ Kf8 19. Re4 Qd6 20. Rae1 Bd7 21.
Qd2 Bxh4 22. Rxh4 Rxe1+ 23. Nxe1 Qf6 24. Nf3 g6 25. Bxg6 fxg6 26. Rh7 Rd8 27.
Qh6+ Kg8 28. Ng5 Re8 29. Rf7 Qxf7 30. Nxf7 Kxf7 31. Qh7+ Ke6 32. Qxg6+ Ke7 33.
h4 Nf6 34. Qg7+ Ke6 35. f3 Rg8 36. Qh6 b6 37. g4 Kf7 38. g5 Rg6 39. Qh8 Rg7 40.
Qd8 1-0

[Event "Fagernes GM Open 2014"]
[Site "Fagernes NOR"]
[Date "2014.04.20"]
[Round "9.1"]
[White "Elsness, Frode"]
[Black "Postny, Evgeny"]
[Result "0-1"]
[WhiteTitle "IM"]
[BlackTitle "GM"]
[WhiteElo "2483"]
[BlackElo "2630"]
[WhiteFideId "1501100"]
[BlackFideId "2804344"]
[EventDate "2014.04.13"]

1. d4 d5 2. c4 c6 3. Nf3 Nf6 4. Nc3 a6 5. e3 b5 6. b3 Bg4 7. Bd2 Nbd7 8. h3 Bxf3
9. Qxf3 b4 10. Na4 e5 11. cxd5 cxd5 12. Qd1 Bd6 13. Be2 exd4 14. exd4 O-O 15.
O-O Ne4 16. Rc1 Qh4 17. Be3 Rfe8 18. Rc6 Ndf6 19. Bxa6 Bf4 20. Bxf4 Qxf4 21. Qc1
Qh4 22. Be2 Ng3 23. fxg3 Qxd4+ 24. Kh2 Rxe2 25. Rf4 Qd3 26. Rxb4 Qf3 27. Qg1 Ne4
28. Rxe4 dxe4 29. Rc3 e3 30. Nb6 Re8 31. Nc4 Qf2 32. Nd6 Qxg1+ 33. Kxg1 Re1+ 34.
Kh2 e2 0-1

[Event "Fagernes GM Open 2014"]
[Site "Fagernes NOR"]
[Date "2014.04.20"]
[Round "9.2"]
[White "Shankland, Samuel L"]
[Black "Hammer, Jon Ludvig"]
[Result "1/2-1/2"]
[WhiteTitle "GM"]
[BlackTitle "GM"]
[WhiteElo "2616"]
[BlackElo "2647"]
[WhiteFideId "2004887"]
[BlackFideId "1503707"]
[EventDate "2014.04.13"]

1. e4 e5 2. Nf3 Nc6 3. Bb5 Nf6 4. O-O Nxe4 5. Re1 Nd6 6. Nxe5 Be7 7. Bf1 Nf5 8.
Bd3 Nxe5 9. Rxe5 Nh6 10. Bf1 d6 1/2-1/2

[Event "Fagernes GM Open 2014"]
[Site "Fagernes NOR"]
[Date "2014.04.20"]
[Round "9.3"]
[White "Turov, Maxim"]
[Black "Bok, Benjamin"]
[Result "1-0"]
[WhiteTitle "GM"]
[BlackTitle "IM"]
[WhiteElo "2593"]
[BlackElo "2590"]
[WhiteFideId "4120086"]
[BlackFideId "1017063"]
[EventDate "2014.04.13"]

1. d4 Nf6 2. c4 g6 3. Nc3 d5 4. cxd5 Nxd5 5. Na4 Bf5 6. f3 Nb6 7. e4 Bc8 8. Be3
Bg7 9. Nc5 O-O 10. Qd2 e5 11. d5 c6 12. d6 N8d7 13. O-O-O Nxc5 14. Bxc5 Be6 15.
Kb1 Qd7 16. h4 h6 17. h5 g5 18. g3 f5 19. Ne2 fxe4 20. fxe4 Nc4 21. Qc3 b6 22.
Nc1 Na5 23. Rh2 Nb7 24. Ba3 c5 25. Rhd2 Qc6 26. Bc4 Qxe4+ 27. Bd3 Qg4 28. Qc2
Rad8 29. Ka1 Na5 30. Bb5 e4 31. d7 Qxg3 32. Qxe4 Bf5 33. Qd5+ Kh8 34. Rf1 Bxd7
35. Rxf8+ Rxf8 36. Qxd7 a6 37. Bxa6 Ra8 38. Re2 c4 39. Re8+ Rxe8 40. Qxe8+ Kh7
41. Qe4+ Kh8 42. Kb1 Qg1 43. Bc8 1-0

[Event "Fagernes GM Open 2014"]
[Site "Fagernes NOR"]
[Date "2014.04.20"]
[Round "9.4"]
[White "Romanov, Evgeny"]
[Black "Wallace, John Paul"]
[Result "1-0"]
[WhiteTitle "GM"]
[BlackTitle "IM"]
[WhiteElo "2642"]
[BlackElo "2402"]
[WhiteFideId "4148843"]
[BlackFideId "3200957"]
[EventDate "2014.04.13"]

1. d4 Nf6 2. Nf3 g6 3. c3 Bg7 4. Bg5 b6 5. Nbd2 Bb7 6. e3 d6 7. a4 a6 8. Bd3
Nbd7 9. O-O h6 10. Bh4 g5 11. Bg3 Nh5 12. e4 e6 13. Nc4 Nxg3 14. fxg3 g4 15.
Nfd2 Qg5 16. Qe2 h5 17. Rf2 Bh6 18. Nf1 O-O 19. Re1 Rad8 20. b4 Nf6 21. Ncd2 Ra8
22. Bc2 Qg7 23. Nc4 Nh7 24. Nfd2 Rae8 25. Nb2 Ng5 26. e5 dxe5 27. dxe5 f5 28.
exf6 Rxf6 29. Rxf6 Qxf6 30. Nd1 Rd8 31. Nc4 b5 32. axb5 axb5 33. Nce3 Qe5 34.
Nxg4 Qg7 35. Nxh6+ Qxh6 36. Qxb5 Ba8 37. h4 Rd2 38. Qb8+ Qf8 39. Qxf8+ Kxf8 40.
Rf1+ Nf3+ 41. gxf3 Rxc2 42. Ne3 Rxc3 43. Kf2 Rb3 44. Rc1 Rxb4 45. Rxc7 Rb2+ 46.
Rc2 Rxc2+ 47. Nxc2 e5 48. Nb4 Ke7 49. Nd3 Kf6 50. Ke3 Kf5 51. Nf2 Kg6 52. g4 Bd5
53. g5 Kf5 54. Ne4 Kg6 55. Nc5 Kf5 56. Nd3 Bf7 57. Nf2 Bg6 58. Ne4 Ke6 59. Ng3
Kd5 60. Ne2 Ke6 61. Kd2 Kf5 62. Ke3 Ke6 63. f4 Bf7 64. Ng3 exf4+ 65. Kxf4 Bg6
66. Ne4 Kd5 67. Nd2 Ke6 68. Nf3 Ke7 69. Ke5 Kf7 70. Kd6 Kg7 71. Nd4 Be4 72. Ke5
Bg6 73. Ne6+ Kg8 74. Nf4 Be8 75. Kf6 Kh7 76. g6+ Kh6 77. g7 Kh7 78. Ke7 Ba4 79.
Kf8 Bb3 80. Nxh5 Kg6 81. Nf4+ Kf5 82. Nd3 Kg6 83. Ne5+ Kf6 84. h5 Kxe5 85. h6 1-0

[Event "Fagernes GM Open 2014"]
[Site "Fagernes NOR"]
[Date "2014.04.20"]
[Round "9.5"]
[White "Boruchovsky, Avital"]
[Black "Gajewski, Grzegorz"]
[Result "1/2-1/2"]
[WhiteTitle "IM"]
[BlackTitle "GM"]
[WhiteElo "2492"]
[BlackElo "2631"]
[WhiteFideId "2800055"]
[BlackFideId "1116207"]
[EventDate "2014.04.13"]

1. d4 Nf6 2. c4 e6 3. Nf3 d5 4. g3 Bb4+ 5. Bd2 Be7 6. Bg2 O-O 7. O-O Nbd7 8. Qc2
c6 9. Bf4 a5 10. Rd1 h6 11. Ne5 Nh5 12. Bd2 Nhf6 13. Bf4 Nh5 14. Bd2 1/2-1/2

[Event "Fagernes GM Open 2014"]
[Site "Fagernes NOR"]
[Date "2014.04.20"]
[Round "9.6"]
[White "Rozentalis, Eduardas"]
[Black "Donchenko, Alexander"]
[Result "0-1"]
[WhiteTitle "GM"]
[BlackTitle "IM"]
[WhiteElo "2624"]
[BlackElo "2471"]
[WhiteFideId "12800023"]
[BlackFideId "24603295"]
[EventDate "2014.04.13"]

1. e4 c6 2. d4 d5 3. exd5 cxd5 4. Bd3 Nc6 5. c3 Qc7 6. Bg5 Nf6 7. Nf3 Bg4 8. O-O
e6 9. Bh4 Bd6 10. Bg3 Bxg3 11. hxg3 h5 12. Nbd2 h4 13. gxh4 Rxh4 14. Qa4 Rh6 15.
Ne5 O-O-O 16. f4 Bf5 17. Bb5 Nxe5 18. fxe5 Rdh8 19. Be2 Kb8 20. Rae1 Ne4 21.
Nxe4 dxe4 22. Bc4 Qd8 23. Kf2 Qg5 24. Re2 Rh2 25. Ke1 Qc1+ 26. Qd1 Qxd1+ 27.
Kxd1 Bg4 28. Rf2 e3 29. Rf3 Rxg2 30. Rfxe3 g5 31. Ke1 Bxe2 32. Bxe2 Rh1+ 33. Kd2
g4 34. c4 g3 35. d5 Rhh2 0-1

[Event "Fagernes GM Open 2014"]
[Site "Fagernes NOR"]
[Date "2014.04.20"]
[Round "9.7"]
[White "Johannessen, Leif Erlend"]
[Black "Kveinys, Aloyzas"]
[Result "1/2-1/2"]
[WhiteTitle "GM"]
[BlackTitle "GM"]
[WhiteElo "2530"]
[BlackElo "2543"]
[WhiteFideId "1501674"]
[BlackFideId "12800040"]
[EventDate "2014.04.13"]

1. d4 Nf6 2. c4 e6 3. Nc3 Bb4 4. Qc2 O-O 5. Nf3 d5 6. a3 Bxc3+ 7. Qxc3 dxc4 8.
Qxc4 b6 9. Bg5 Ba6 10. Qa4 Qd7 11. Qxd7 Nbxd7 12. Bxf6 Nxf6 13. e3 Bxf1 14. Rxf1
Rfc8 15. Rc1 c5 16. dxc5 Rxc5 17. Rxc5 bxc5 18. Nd2 Kf8 19. Ke2 Ke7 20. Rc1 Rb8
21. b3 Nd7 22. Rc3 f5 23. f4 h6 24. e4 g5 25. Rh3 gxf4 26. exf5 exf5 27. Rxh6
Nf6 28. Rh4 Rg8 29. Kf3 Ke6 30. Rxf4 Ng4 31. Ra4 Nxh2+ 32. Kf2 Rg7 33. Nf3 Ng4+
34. Ke2 Ne5 35. Nxe5 Kxe5 36. Rc4 Rxg2+ 37. Kf3 Rb2 38. Rxc5+ Kd4 39. Rb5 a6 40.
Rb6 a5 41. Rb5 Kc3 42. Rxa5 Kxb3 43. Rb5+ Kxa3 44. Rxb2 Kxb2 45. Kf4 Ka1 46.
Kxf5 1/2-1/2

[Event "Fagernes GM Open 2014"]
[Site "Fagernes NOR"]
[Date "2014.04.20"]
[Round "9.8"]
[White "Galinsky, Timofey"]
[Black "Getz, Nicolai"]
[Result "1-0"]
[WhiteTitle "IM"]
[BlackTitle "IM"]
[WhiteElo "2427"]
[BlackElo "2388"]
[WhiteFideId "14104164"]
[BlackFideId "1505572"]
[EventDate "2014.04.13"]

1. g3 d5 2. Bg2 e5 3. d3 Nf6 4. Nf3 Nc6 5. O-O Be7 6. c3 O-O 7. b4 Bd6 8. Nbd2
Bf5 9. Re1 e4 10. Nh4 Qd7 11. Nxf5 Qxf5 12. dxe4 Nxe4 13. Nxe4 dxe4 14. Qc2 Rae8
15. Be3 Qg6 16. b5 Nd8 17. c4 f5 18. c5 f4 19. cxd6 fxe3 20. Qb3+ Nf7 21. Qxe3
Nxd6 22. Rac1 Qf7 23. a4 b6 24. Rf1 Re7 25. Rc2 Qd5 26. Qc1 Rff7 27. Rd1 Qf5 28.
e3 h5 29. h3 Nb7 30. Rcd2 Nc5 31. Qc2 Re5 32. Rd8+ Kh7 33. R1d2 a5 34. bxa6 Nxa6
35. R2d5 Nc5 36. Rxe5 Qxe5 37. Rd4 Re7 38. a5 Kh6 39. Qd1 Qe6 40. axb6 Qxb6 41.
Rd5 g6 42. Qd4 Qb1+ 43. Kh2 Ne6 44. Qh8+ Rh7 45. Qf6 1-0

[Event "Fagernes GM Open 2014"]
[Site "Fagernes NOR"]
[Date "2014.04.20"]
[Round "9.9"]
[White "Urkedal, Frode"]
[Black "Tari, Aryan"]
[Result "0-1"]
[WhiteTitle "IM"]
[BlackTitle "IM"]
[WhiteElo "2494"]
[BlackElo "2387"]
[WhiteFideId "1506102"]
[BlackFideId "1510045"]
[EventDate "2014.04.13"]

1. d4 Nf6 2. c4 g6 3. Nc3 d5 4. cxd5 Nxd5 5. e4 Nxc3 6. bxc3 Bg7 7. Nf3 c5 8.
Rb1 cxd4 9. cxd4 Qa5+ 10. Bd2 Qxa2 11. Bb5+ Bd7 12. O-O Bxb5 13. Rxb5 b6 14. Qc1
O-O 15. Qc7 Qe6 16. Qf4 Rc8 17. d5 Qd7 18. Rb3 Qd6 19. Qh4 Nd7 20. Ng5 h6 21.
Nf3 Nc5 22. Re3 e6 23. dxe6 Nxe6 24. e5 Qd5 25. Rd1 Rc4 26. Qg3 Rd8 27. Ree1 Nd4
28. Be3 Ne2+ 0-1

[Event "Fagernes GM Open 2014"]
[Site "Fagernes NOR"]
[Date "2014.04.20"]
[Round "9.10"]
[White "Houska, Jovanka"]
[Black "Lie, Espen"]
[Result "1/2-1/2"]
[WhiteTitle "IM"]
[BlackTitle "IM"]
[WhiteElo "2410"]
[BlackElo "2460"]
[WhiteFideId "405094"]
[BlackFideId "1502611"]
[EventDate "2014.04.13"]

1. d4 Nf6 2. Nf3 g6 3. c4 Bg7 4. g3 O-O 5. Bg2 d6 6. O-O Nbd7 7. Nc3 e5 8. e4
exd4 9. Nxd4 Re8 10. h3 Nc5 11. Re1 h6 12. Rb1 Ne6 13. Nxe6 Bxe6 14. Nd5 Nd7 15.
b3 c5 16. Nf4 Ne5 17. Bb2 Qa5 18. Re2 Rad8 19. Rc1 b5 20. cxb5 Qxb5 21. Rd2 Qb6
22. Kh2 a5 23. Nxe6 Rxe6 24. f4 Nc6 25. f5 Bxb2 26. fxe6 Bxc1 27. exf7+ Kxf7 28.
Qxc1 Ne5 29. Rf2+ Kg7 30. Qf4 Qc7 31. Qf6+ Kh7 32. Bf1 Rd7 33. Bc4 Qd8 34. Qe6
Re7 35. Qd5 Kg7 36. Kg2 Qb8 37. Rd2 Nxc4 38. bxc4 Qb1 39. Qxd6 Qxe4+ 40. Kh2 Qe3
41. a4 Rf7 42. h4 h5 43. Qd8 Qe1 44. Qg5 Qc1 45. Qd5 Qe1 46. Qg5 Re7 47. Qf4 Qe4
48. Qd6 Qe3 49. Qd5 Qe1 50. Rb2 Re2+ 51. Rxe2 Qxe2+ 52. Kg1 Qe1+ 1/2-1/2